02351cam a22003498i 450000100090000000300050000900500170001400600190003100700150005000800410006501000170010602000270012302000310015003800100018104000230019104200080021405000100022208200200023210000340025224501060028626000370039226300090042930000220043833600260046033700260048633800360051252011540054858801030170265000220180565000480182777601260187521223327NUST20220825122334.0m |o d | cr |||||||||||190926s2019 nyu o 000 0 eng  a 2019025240 a9781982115746q(ebook) z9781982113223q(paperback) aAzhar aDLCbengcDLCerda apcc00aBF40800a158.16223bDAY1 aDay, Felicia,d1979-eauthor.10aEmbrace your weird :ba guided journal for facing your fears and unleashing creativity cFelicia Day. aNew York :bGallery Books,c2019 a1910 a1 online resource atextbtxt2rdacontent acomputerbc2rdamedia aonline resourcebcr2rdacarrier a"Face your fears and fuel your creative passions with New York Times bestselling author Felicia Day's workbook for getting motivated, getting inspired, and getting weird. What do I have to offer the world? What if my work doesn't meet others' standards-or my own? How do I combat that nagging fear of failure and just put myself out there? It's time to confront those negative thoughts once and for all, and let your creativity blossom! Actress and bestselling author of You're Never Weird on the Internet (Almost) Felicia Day is here to empower you to overcome what holds you back, be brave enough to be vulnerable, and allow yourself to let loose. Part guided journal, part imaginative workbook, Embrace Your Weird offers a series of exciting exercises to get your creative juices flowing, fun prompts designed to get your imagination unblocked, and plenty of space throughout to just play in the margins and get your neurons firing. Like Wreck This Journal meets You Are a Badass, Embrace Your Weird will help you get back in touch with the joy of creating, and feel confident about what you have to offer to the world!"--cProvided by publisher. aDescription based on print version record and CIP data provided by publisher; resource not viewed. 0aCreative ability. 0aCreative abilityvProblems, exercises, etc.08iPrint version:aDay, Felicia, 1979-tEmbrace your weirddNew York : Gallery Books, 2019.z9781982113223w(DLC) 2019025239